[Event "IX Weekend A"]
[Site "Vignola ITA"]
[Date "2010.11.14"]
[Round "4"]
[White "Landi, Filippo"]
[Black "Di Trapani, Luigi"]
[Result "1/2-1/2"]
[WhiteElo "1645"]
[BlackElo "1610"]
[PlyCount "90"]
[EventDate "2010.11.12"]

1. b3 d6 2. d4 Nf6 3. Bb2 g6 4. Nd2 c6 5. e4 Bg7 6. Ngf3 Bg4 7. Bd3 Nbd7 8. h3
Bxf3 9. Nxf3 Qa5+ 10. c3 O-O 11. O-O e5 12. b4 Qc7 13. Re1 b5 14. a4 a6 15. a5
Rfe8 16. Rc1 d5 17. exd5 cxd5 18. Nd2 e4 19. Be2 Bh6 20. Rc2 e3 21. Nf1 exf2+
22. Kxf2 Re7 23. Bf3 Rae8 24. Rxe7 Rxe7 25. Bc1 Bg7 26. g3 Ne4+ 27. Bxe4 Rxe4
28. Bf4 Qc8 29. Kg2 Nf6 30. Nd2 Re7 31. Bg5 Qe6 32. Nb3 Qe4+ 33. Kh2 Re6 34.
Nc5 Qf5 35. Nxe6 fxe6 36. Bxf6 Bxf6 37. Qe2 h5 38. Qf2 Kf7 39. Qxf5 gxf5 40. h4
Kg6 41. Re2 Kf7 42. Kg2 Bg7 43. Kf3 Bh6 44. Kf2 Kf6 45. Kf3 Bc1 1/2-1/2

[Event "IX Weekend A"]
[Site "Vignola ITA"]
[Date "2010.11.14"]
[Round "4"]
[White "Magnavacchi, Andrea"]
[Black "Pinna, Ferdinando"]
[Result "0-1"]
[WhiteElo "1813"]
[BlackElo "1887"]
[PlyCount "42"]
[EventDate "2010.11.12"]

1. e4 c5 2. Nf3 e6 3. d4 cxd4 4. Nxd4 Nf6 5. Bd3 Nc6 6. Be3 a6 7. c3 Be7 8. h3
d6 9. Qc2 Qc7 10. Nd2 Bd7 11. f4 e5 12. fxe5 dxe5 13. Nf5 Bxf5 14. exf5 O-O-O
15. Nc4 Nd5 16. Be4 Nxe3 17. Nxe3 Bh4+ 18. Ke2 Bg5 19. h4 Bf4 20. Nd5 Rxd5 21.
Bxd5 Nd4+ 0-1

[Event "IX Weekend A"]
[Site "Vignola ITA"]
[Date "2010.11.14"]
[Round "4"]
[White "Megli, Massimo"]
[Black "Pomante, Sergio"]
[Result "1-0"]
[WhiteElo "1684"]
[BlackElo "1639"]
[PlyCount "103"]
[EventDate "2010.11.12"]

1. e4 c5 2. Nf3 Nc6 3. Bc4 d6 4. a4 Nf6 5. Nc3 g6 6. O-O Bg7 7. h3 O-O 8. d3 e6
9. Bg5 h6 10. Bh4 g5 11. Bg3 d5 12. exd5 exd5 13. Ba2 Be6 14. Re1 Nb4 15. Bb1
Nh5 16. Bh2 g4 17. Ne5 Qg5 18. Nxg4 Nf4 19. Bxf4 Qxf4 20. Ne2 Qg5 21. c3 h5 22.
cxb4 hxg4 23. hxg4 Bxg4 24. Qc2 Bf3 25. Ng3 Bg4 26. d4 f5 27. dxc5 Rf6 28. Qd3
Re8 29. Re5 Qc1+ 30. Nf1 Qg5 31. Rxd5 Ref8 32. Ba2 Kh8 33. Ng3 Qh4 34. Rd6 Rxd6
35. Qxd6 Rf6 36. Qd8+ Kh7 37. Re1 f4 38. Bb1+ Kh6 39. Nf5+ Bxf5 40. Bxf5 Qh5
41. Be4 Rf8 42. Qd6+ Rf6 43. Qd5 Qe8 44. Qd3 Re6 45. Qh3+ Kg5 46. Qf5+ Kh4 47.
Qxf4+ Kh5 48. Bf3+ Kg6 49. Qg4+ Kf6 50. Rxe6+ Qxe6 51. Qxe6+ Kxe6 52. Bxb7 1-0

[Event "IX Weekend A"]
[Site "Vignola ITA"]
[Date "2010.11.14"]
[Round "4"]
[White "Orlandi, Francesco"]
[Black "Rovatti, Guido"]
[Result "0-1"]
[WhiteElo "1392"]
[BlackElo "1695"]
[PlyCount "92"]
[EventDate "2010.11.12"]

1. e4 c5 2. c3 g6 3. d4 cxd4 4. cxd4 Bg7 5. Nf3 d6 6. Bf4 Nf6 7. Nc3 O-O 8. Bc4
Bg4 9. h3 Bxf3 10. Qxf3 Nc6 11. Qd1 Nd7 12. a3 Nxd4 13. O-O Rc8 14. Ba2 a6 15.
Rc1 Nc6 16. Re1 Qb6 17. Qb3 Qxb3 18. Bxb3 Na5 19. Ba2 Nc5 20. Nd5 Nc6 21. e5
Nd3 22. Nb6 Nxe1 23. Nxc8 Rxc8 24. e6 f5 25. Rxe1 Be5 26. Bxe5 Nxe5 27. Bb3 Nd3
28. Re2 Rc1+ 29. Kh2 Rc5 30. Ba4 b5 31. Bc2 Nf4 32. Rd2 Kg7 33. Bb3 Kf6 34. g3
Nxe6 35. Bxe6 Kxe6 36. Re2+ Kf6 37. f4 h6 38. h4 g5 39. hxg5+ hxg5 40. fxg5+
Kxg5 41. Rxe7 Rc2+ 42. Kh3 Rxb2 43. Re6 Ra2 44. Rxd6 Rxa3 45. Rd5 Rb3 46. Kg2
a5 0-1

[Event "IX Weekend A"]
[Site "Vignola ITA"]
[Date "2010.11.14"]
[Round "4"]
[White "Paoli, Walter"]
[Black "Dionigi, Riccardo"]
[Result "1-0"]
[WhiteElo "2043"]
[BlackElo "1809"]
[PlyCount "83"]
[EventDate "2010.11.12"]

1. e4 e5 2. Nf3 Nc6 3. Bb5 a6 4. Bxc6 dxc6 5. d4 exd4 6. Qxd4 Qxd4 7. Nxd4 Bc5
8. Be3 Nf6 9. f3 O-O 10. Nd2 Bb6 11. O-O Rd8 12. c3 Be6 13. Rfd1 Rd7 14. Kf1
Re8 15. Nxe6 Bxe3 16. Nc4 Rxe6 17. Nxe3 Ree7 18. Rxd7 Rxd7 19. Ke2 Kf8 20. Rd1
g6 21. Rxd7 Nxd7 22. Nc4 b6 23. Ke3 Ke7 24. Nd2 Ke6 25. f4 Nf6 26. h3 c5 27.
Kf3 Nd7 28. g4 b5 29. Ke3 f6 30. Nf3 Kd6 31. g5 f5 32. exf5 gxf5 33. h4 Ke6 34.
Ne1 c4 35. Nc2 c5 36. Kf3 Nb6 37. Ne3 Na4 38. h5 Nxb2 39. h6 Kf7 40. Nxf5 Na4
41. Nd6+ Kg6 42. Kg4 1-0

[Event "IX Weekend A"]
[Site "Vignola ITA"]
[Date "2010.11.14"]
[Round "4"]
[White "Rubbiani, Samuel"]
[Black "Gabbriellini, Gianfranco"]
[Result "0-1"]
[WhiteElo "1485"]
[BlackElo "1431"]
[PlyCount "96"]
[EventDate "2010.11.12"]

1. e4 e5 2. Bc4 Nc6 3. Nf3 Bc5 4. Nc3 d6 5. h3 Nd4 6. d3 Nxf3+ 7. Qxf3 Qf6 8.
Qxf6 Nxf6 9. Be3 Bb4 10. O-O Bxc3 11. bxc3 c5 12. f4 Nd7 13. d4 f6 14. a4 Ke7
15. a5 a6 16. f5 b6 17. Bd5 Ra7 18. Rfb1 b5 19. dxc5 dxc5 20. Rd1 Rc7 21. c4 b4
22. Rd3 Bb7 23. Rad1 Rd8 24. Bxb7 Rxb7 25. Bxc5+ Ke8 26. Bf2 Rc8 27. c5 Nxc5
28. Bxc5 Rxc5 29. Rd5 Rxc2 30. Rd6 Rc5 31. Rxa6 b3 32. Ra8+ Ke7 33. Rdd8 Rcc7
34. Rf8 Kd6 35. Rad8+ Kc5 36. Rd5+ Kb4 37. a6 Rb6 38. Rd2 Ka3 39. Rd3 Kb2 40.
Rfd8 Rxa6 41. Rb8 Rc3 42. Rd2+ Rc2 43. Rd3 Rc3 44. Rd2+ Kc1 45. Rbd8 Ra1 46.
Rd1+ Kb2 47. R8d2+ Rc2 48. Kf2 Rxd1 0-1

[Event "IX Weekend A"]
[Site "Vignola ITA"]
[Date "2010.11.14"]
[Round "4"]
[White "Setti, Roberto"]
[Black "Sacchetti, Andrea"]
[Result "1-0"]
[WhiteElo "1901"]
[BlackElo "1742"]
[PlyCount "85"]
[EventDate "2010.11.12"]

1. d4 d5 2. c4 e6 3. Nf3 Nf6 4. Nc3 Be7 5. Bf4 a6 6. e3 Nbd7 7. cxd5 Nxd5 8.
Bg3 O-O 9. Bd3 Nxc3 10. bxc3 c5 11. O-O Nf6 12. Ne5 Bd6 13. f4 b5 14. Qf3 Qb6
15. Bh4 Bb7 16. e4 cxd4 17. Bxf6 dxc3+ 18. Kh1 gxf6 19. Nd7 Qd8 20. Nxf8 Qxf8
21. Qh3 e5 22. f5 Rc8 23. Rf3 c2 24. Rc1 Ba3 25. Rxc2 Rxc2 26. Bxc2 Qb4 27.
Qg3+ Kf8 28. Rxa3 Qb2 29. Bd1 Bxe4 30. Re3 Bxf5 31. Bb3 Bb1 32. a4 bxa4 33.
Bxa4 Qd4 34. Qe1 e4 35. g4 Bd3 36. Bc6 h5 37. Bxe4 Bxe4+ 38. Rxe4 Qd5 39. h3
Qd3 40. Kg2 Qc2+ 41. Qe2 Qc6 42. Qc4 Qd7 43. Qxa6 1-0

[Event "IX Weekend A"]
[Site "Vignola ITA"]
[Date "2010.11.14"]
[Round "4"]
[White "Sfera, Mattia"]
[Black "Simonini, Mattia"]
[Result "1-0"]
[WhiteElo "1990"]
[BlackElo "1778"]
[PlyCount "67"]
[EventDate "2010.11.12"]

1. e4 c6 2. d4 d5 3. Nc3 dxe4 4. Nxe4 Bf5 5. Ng3 Bg6 6. Nf3 Nd7 7. h4 h6 8. h5
Bh7 9. Bd3 Bxd3 10. Qxd3 e6 11. Bf4 Ngf6 12. O-O-O Be7 13. Ne4 Nxe4 14. Qxe4
Nf6 15. Qe2 Bd6 16. Be5 Qc7 17. Kb1 O-O-O 18. c4 c5 19. dxc5 Qxc5 20. Bxd6 Rxd6
21. Ne5 Rf8 22. Rxd6 Qxd6 23. Rd1 Qc7 24. Rd3 Rd8 25. Rg3 Rg8 26. f4 Qe7 27.
Ra3 a6 28. c5 Nd5 29. Qc4 Kb8 30. Rxa6 Rc8 31. Qb5 Qe8 32. c6 Rc7 33. Ra8+ Kxa8
34. cxb7+ 1-0

[Event "IX Weekend A"]
[Site "Vignola ITA"]
[Date "2010.11.14"]
[Round "4"]
[White "Venturelli, Giuseppe"]
[Black "Carbone, Jacopo"]
[Result "1-0"]
[WhiteElo "1677"]
[BlackElo "1392"]
[PlyCount "33"]
[EventDate "2010.11.12"]

1. d4 d5 2. c4 e6 3. Nc3 Nf6 4. Bg5 Be7 5. e3 h6 6. Bh4 O-O 7. Bd3 b6 8. Nf3
Re8 9. b3 a6 10. O-O c6 11. Bc2 Ng4 12. Bxe7 Rxe7 13. Qd3 Nf6 14. e4 Raa7 15.
e5 Nh7 16. Qxh7+ Kf8 17. Qh8# 1-0

[Event "IX Weekend A"]
[Site "Vignola ITA"]
[Date "2010.11.14"]
[Round "4"]
[White "Vincenzi, Marco"]
[Black "Ricchi, Luca"]
[Result "0-1"]
[WhiteElo "2097"]
[BlackElo "1991"]
[PlyCount "82"]
[EventDate "2010.11.12"]

1. e4 e6 2. d4 d5 3. Nc3 Bb4 4. e5 c5 5. a3 Bxc3+ 6. bxc3 Ne7 7. Nf3 Nbc6 8. a4
Qa5 9. Qd2 Bd7 10. Be2 f6 11. O-O fxe5 12. dxe5 h6 13. Ba3 Ng6 14. Qe3 b6 15.
Rfb1 Nce7 16. Rb5 Qxa4 17. Bb2 Qf4 18. Rxb6 Qxe3 19. fxe3 axb6 20. Rxa8+ Kf7
21. Ra7 Bc6 22. Ra6 Rb8 23. c4 dxc4 24. Bxc4 Nd5 25. Ra7+ Rb7 26. Bxd5 Bxd5 27.
Rxb7+ Bxb7 28. c4 Ba6 29. Nd2 Ne7 30. Kf2 Nc6 31. Ke2 Kg6 32. g4 Kg5 33. h3 Kh4
34. Kf3 Kxh3 35. Bc3 Na5 36. Ne4 Bb7 37. Kf4 Bxe4 38. Kxe4 Kxg4 39. Kd3 Kf3 40.
e4 h5 41. Be1 Nc6 0-1

[Event "IX Weekend A"]
[Site "Vignola ITA"]
[Date "2010.11.14"]
[Round "4"]
[White "Zuccaro, Guido"]
[Black "Tazzioli, Luca"]
[Result "0-1"]
[WhiteElo "1720"]
[BlackElo "1673"]
[PlyCount "34"]
[EventDate "2010.11.12"]

1. c4 e5 2. Nc3 Nf6 3. g3 Bc5 4. Bg2 c6 5. e3 Bb6 6. d4 exd4 7. exd4 d5 8. b3
dxc4 9. Nge2 cxb3 10. axb3 Be6 11. Ba3 Nd5 12. Ne4 Ba5+ 13. Kf1 Bb4 14. Nc5
Bxa3 15. Nxe6 fxe6 16. Rxa3 O-O 17. Bh3 Ne3+ 0-1

[Event "IX Weekend A"]
[Site "Vignola ITA"]
[Date "2010.11.14"]
[Round "5"]
[White "Acciaioli, Fabio"]
[Black "Salvioli, Alessandro"]
[Result "1/2-1/2"]
[WhiteElo "1858"]
[BlackElo "1975"]
[PlyCount "59"]
[EventDate "2010.11.12"]

1. g3 g6 2. Bg2 d5 3. Nf3 Bg7 4. d3 Nf6 5. O-O Nc6 6. Nbd2 e5 7. e4 O-O 8. c3
Rb8 9. Qc2 b6 10. Re1 Re8 11. b4 a6 12. a4 d4 13. Bb2 a5 14. b5 dxc3 15. Bxc3
Nb4 16. Bxb4 axb4 17. Rac1 Re7 18. Qc4 Be6 19. Qxb4 Nd7 20. Bf1 Re8 21. d4 exd4
22. Nxd4 Bxd4 23. Qxd4 Nc5 24. Qb4 Nxa4 25. Qxa4 Qxd2 26. Red1 Qb2 27. Rxc7 Bb3
28. Qa1 Qxa1 29. Rxa1 Rxe4 30. Rb1 1/2-1/2

[Event "IX Weekend A"]
[Site "Vignola ITA"]
[Date "2010.11.14"]
[Round "5"]
[White "Carbone, Jacopo"]
[Black "Pomante, Sergio"]
[Result "0-1"]
[WhiteElo "1392"]
[BlackElo "1639"]
[PlyCount "50"]
[EventDate "2010.11.12"]

1. e4 c5 2. Nf3 Nc6 3. Bc4 e6 4. O-O Nf6 5. d3 Be7 6. Bg5 O-O 7. Re1 d5 8. Bb5
a6 9. Bxc6 bxc6 10. c3 Rb8 11. b3 Ng4 12. Bxe7 Qxe7 13. d4 dxe4 14. Rxe4 Nf6
15. Re1 Rd8 16. Ne5 Bb7 17. Qd3 cxd4 18. cxd4 c5 19. Nd2 Rxd4 20. Ndc4 Rxd3 21.
Nxd3 Be4 22. Nce5 Rd8 23. Rxe4 Nxe4 24. Nc6 Qf6 25. Nxd8 Qxa1+ 0-1

[Event "IX Weekend A"]
[Site "Vignola ITA"]
[Date "2010.11.14"]
[Round "5"]
[White "Castelli, Antonio"]
[Black "Venturelli, Giuseppe"]
[Result "0-1"]
[WhiteElo "1703"]
[BlackElo "1677"]
[PlyCount "120"]
[EventDate "2010.11.12"]

1. e4 d5 2. exd5 Qxd5 3. Nc3 Qa5 4. Nf3 Bf5 5. d4 c6 6. Bd3 Bg4 7. O-O e6 8.
Re1 Nf6 9. h3 Bh5 10. Bf4 Bb4 11. Bd2 Qd8 12. Ne2 Bxd2 13. Qxd2 Bxf3 14. gxf3
O-O 15. Ng3 Qd7 16. Kg2 Rd8 17. Qb4 Nd5 18. Qd2 Qc7 19. Re4 Nd7 20. Rg4 N7f6
21. Qh6 Nxg4 22. Qxh7+ Kf8 23. fxg4 Nf4+ 24. Kf1 Nxd3 25. cxd3 g6 26. Re1 Qd6
27. Ne4 Qxd4 28. Qh6+ Qg7 29. Qf4 Rd4 30. Qf3 Qe5 31. Nf6 Qb5 32. Re3 Rad8 33.
Nh7+ Kg8 34. Nf6+ Kg7 35. Ne4 Rxd3 36. Qf6+ Kg8 37. Kg2 Qd5 38. Qf3 Rxe3 39.
fxe3 Qe5 40. b3 f5 41. gxf5 exf5 42. Nf2 Rd2 43. a4 Qd5 44. Qxd5+ cxd5 45. Kf3
Rb2 46. Nd3 Rxb3 47. Nc5 Rb4 48. Nd7 Rxa4 49. Nf6+ Kf7 50. Nxd5 Rc4 51. Nf4 a5
52. Nd3 Kf6 53. Nb2 Rc2 54. Na4 b5 55. Nb6 a4 56. Nd5+ Kf7 57. Nb4 Rb2 58. Nd3
Rb3 59. Nc1 Rb2 60. Nd3 a3 0-1

[Event "IX Weekend A"]
[Site "Vignola ITA"]
[Date "2010.11.14"]
[Round "5"]
[White "Cavazzoni, Carlo Alberto"]
[Black "Santamato, Luigi"]
[Result "0-1"]
[WhiteElo "1746"]
[BlackElo "1606"]
[PlyCount "63"]
[EventDate "2010.11.12"]

1. Nf3 Nf6 2. c4 c6 3. Nc3 d5 4. cxd5 cxd5 5. d4 Nc6 6. Qc2 e6 7. Bf4 Be7 8. g3
a6 9. a3 b5 10. b4 Bb7 11. Bg2 O-O 12. O-O Rc8 13. Rac1 Qb6 14. Qd3 Na7 15. Rc2
a5 16. bxa5 Qxa5 17. Rb1 Ba6 18. Qd1 Bxa3 19. Ra1 b4 20. Nb1 Rxc2 21. Qxc2 Rc8
22. Qd2 Ne4 23. Qe1 Nb5 24. Nxa3 Nxa3 25. Bc1 Qa4 26. Nd2 Nc3 27. Bf3 Ncb5 28.
e3 Nd6 29. Bd1 Qc6 30. Bxa3 bxa3 31. Rxa3 Nc4 32. Be2 0-1

[Event "IX Weekend A"]
[Site "Vignola ITA"]
[Date "2010.11.14"]
[Round "5"]
[White "Di Trapani, Davide"]
[Black "Carletti, Davide M."]
[Result "1-0"]
[WhiteElo "2000"]
[BlackElo "1685"]
[PlyCount "81"]
[EventDate "2010.11.12"]

1. e4 e5 2. Nf3 Nc6 3. d4 exd4 4. Nxd4 Bc5 5. Nxc6 Qf6 6. Qd2 dxc6 7. Nc3 Ne7
8. Na4 Bd6 9. f4 Qe6 10. Bd3 b5 11. Nc3 Bc5 12. Qe2 O-O 13. Bd2 f5 14. O-O-O
fxe4 15. Nxe4 Qxa2 16. Bc3 Nd5 17. Nxc5 Nxc3 18. Qh5 h6 19. bxc3 Rxf4 20. Qe8+
Rf8 21. Bh7+ Kxh7 22. Qxf8 Qa3+ 23. Kd2 b4 24. Qf3 Ba6 25. Qe4+ Kh8 26. Qxb4
Rd8+ 27. Ke3 Re8+ 28. Kf2 Qa2 29. Rhe1 Qxc2+ 30. Kg1 Re2 31. Rd8+ Kh7 32. Rxe2
Qxe2 33. Qe4+ Qxe4 34. Nxe4 Bb5 35. Kf2 Kg6 36. Ke3 Kf5 37. Kd4 a5 38. Nc5 g5
39. c4 a4 40. cxb5 cxb5 41. Rc8 1-0

[Event "IX Weekend A"]
[Site "Vignola ITA"]
[Date "2010.11.14"]
[Round "5"]
[White "Di Trapani, Luigi"]
[Black "Rubbiani, Samuel"]
[Result "0-1"]
[WhiteElo "1610"]
[BlackElo "1485"]
[PlyCount "86"]
[EventDate "2010.11.12"]

1. d4 Nf6 2. Nf3 g6 3. e3 Bg7 4. c4 d6 5. Nbd2 O-O 6. Bd3 c5 7. O-O Nc6 8. a3
Bg4 9. h3 Bxf3 10. Nxf3 cxd4 11. exd4 e5 12. dxe5 dxe5 13. Qc2 Nd7 14. c5 Nd4
15. Nxd4 exd4 16. Bf4 a6 17. Ra2 Nf6 18. b4 Nd5 19. Bg3 Qd7 20. Raa1 Nc3 21.
Rfe1 Rfe8 22. Kf1 Qc6 23. Rxe8+ Rxe8 24. Re1 Rxe1+ 25. Kxe1 Qxg2 26. h4 Qh1+
27. Bf1 Qf3 28. a4 Bf8 29. a5 Qf6 30. Bg2 Qe6+ 31. Kf1 Qc4+ 32. Ke1 Qxb4 33.
Bf4 Bxc5 34. Bd2 Qxa5 35. Bxb7 Bb4 36. f3 Qe5+ 37. Be4 Qg3+ 38. Kf1 Qxh4 39.
Bxc3 Bxc3 40. Ke2 Qh2+ 41. Kd3 Qxc2+ 42. Kxc2 h5 43. Kd1 a5 0-1

[Event "IX Weekend A"]
[Site "Vignola ITA"]
[Date "2010.11.14"]
[Round "5"]
[White "Dionigi, Riccardo"]
[Black "De Biaggi, Paolo"]
[Result "1/2-1/2"]
[WhiteElo "1809"]
[BlackElo "1884"]
[PlyCount "93"]
[EventDate "2010.11.12"]

1. d4 c5 2. e3 cxd4 3. exd4 d5 4. c3 Bf5 5. Nf3 Nf6 6. Bd3 Bxd3 7. Qxd3 Nbd7 8.
Bf4 e6 9. Nbd2 Qb6 10. Qc2 Bd6 11. Bxd6 Qxd6 12. O-O O-O 13. Rfe1 Rac8 14. Ne5
Qb6 15. Qb3 Nxe5 16. dxe5 Nd7 17. Qxb6 Nxb6 18. Re2 Rc7 19. Nb3 Rfc8 20. Rf1
Nc4 21. f4 Rc6 22. Rff2 b5 23. Nd4 Rb6 24. f5 exf5 25. Nxf5 Re8 26. Nd6 Nxd6
27. exd6 Re6 28. Rd2 Rbxd6 29. Rf5 a6 30. Rfxd5 Rxd5 31. Rxd5 g6 32. Rd2 Kg7
33. Kf2 h5 34. Rd4 Kf6 35. Kf3 g5 36. Rd5 Kg6 37. b3 f5 38. Rc5 g4+ 39. Kf2 h4
40. g3 Kg5 41. gxh4+ Kxh4 42. Rxf5 Rc6 43. c4 bxc4 44. bxc4 Rxc4 45. Ra5 Rc2+
46. Kg1 Rc6 47. Kg2 1/2-1/2

[Event "IX Weekend A"]
[Site "Vignola ITA"]
[Date "2010.11.14"]
[Round "5"]
[White "Gabbriellini, Gianfranco"]
[Black "Garofalo, Sergio"]
[Result "0-1"]
[WhiteElo "1431"]
[BlackElo "1805"]
[PlyCount "52"]
[EventDate "2010.11.12"]

1. d4 Nf6 2. Nf3 d6 3. Bf4 g6 4. Nc3 c6 5. e4 Qa5 6. Bd2 Qc7 7. Be2 Bg7 8. O-O
O-O 9. e5 dxe5 10. dxe5 Nd5 11. Bc4 e6 12. Ne4 Nd7 13. Bxd5 exd5 14. Neg5 h6
15. Nxf7 Rxf7 16. e6 Rf5 17. exd7 Bxd7 18. Nh4 Rh5 19. g3 Rxh4 20. gxh4 Qd8 21.
h5 Qh4 22. hxg6 Rf8 23. Qe2 Bh3 24. Rfe1 Bg4 25. Qe3 Bf3 26. Qe7 Qg4+ 0-1

[Event "IX Weekend A"]
[Site "Vignola ITA"]
[Date "2010.11.14"]
[Round "5"]
[White "Malfagia, Andrea"]
[Black "Gilevych, Artem"]
[Result "1-0"]
[WhiteElo "2269"]
[BlackElo "2231"]
[PlyCount "131"]
[EventDate "2010.11.12"]

1. d4 Nf6 2. c4 c5 3. d5 b5 4. cxb5 a6 5. bxa6 Bxa6 6. Nc3 g6 7. Nf3 Bg7 8. g3
O-O 9. Bg2 d6 10. Rb1 Nbd7 11. O-O Qc7 12. b3 Rfb8 13. Qc2 Qa7 14. h3 Ne8 15.
Bb2 c4 16. Ne4 f5 17. Neg5 c3 18. Ba1 Bb7 19. a4 Bxd5 20. Rfd1 Nb6 21. e4 Bxe4
22. Nxe4 fxe4 23. Qxe4 Qd7 24. Nd4 d5 25. Qe2 Rc8 26. Rbc1 e5 27. Nb5 Qf7 28.
Rxc3 d4 29. Rxc8 Rxc8 30. a5 Na8 31. Qf3 Rb8 32. Qd5 Nac7 33. Nxc7 Nxc7 34.
Qxf7+ Kxf7 35. Rc1 Na6 36. Rc6 Nb4 37. Rc7+ Kg8 38. Rb7 Rxb7 39. Bxb7 Bf8 40.
Kf1 Bc5 41. Ke2 Kf7 42. Bb2 Ke7 43. Ba3 Kd6 44. Bxb4 Bxb4 45. a6 Kc7 46. Kd3
Kb6 47. g4 Be7 48. Kc4 Bh4 49. f3 h6 50. b4 Bg3 51. b5 Bf2 52. Be4 d3 53. Bxd3
g5 54. Kd5 Bd4 55. Ke6 Ka7 56. Be4 Kb6 57. Bc6 Bc3 58. Kd7 Bb4 59. Ke6 Bc3 60.
Kf5 Bd4 61. Kg6 Kc7 62. Kxh6 Be3 63. Kh5 Kd6 64. h4 gxh4 65. Kxh4 Ke6 66. Kh5
1-0

[Event "IX Weekend A"]
[Site "Vignola ITA"]
[Date "2010.11.14"]
[Round "5"]
[White "Mancini, Anna"]
[Black "Ferraguti, Francesco"]
[Result "0-1"]
[WhiteElo "1395"]
[BlackElo "1790"]
[PlyCount "76"]
[EventDate "2010.11.12"]

1. e4 e5 2. Bc4 Nf6 3. d3 Nc6 4. Nc3 Bc5 5. Be3 Bb6 6. Nf3 d6 7. h3 Be6 8. Nd5
Na5 9. Nxb6 axb6 10. Bb3 O-O 11. Bxe6 fxe6 12. Ng5 Qe8 13. b3 Nc6 14. O-O h6
15. Nf3 g5 16. c3 Qg6 17. g4 Qf7 18. d4 Nxe4 19. h4 Qxf3 20. Qxf3 Rxf3 21. hxg5
Nxg5 22. dxe5 Nxe5 23. Bxg5 hxg5 24. Rae1 Rxc3 25. f4 Nf3+ 26. Kf2 Nxe1 27.
Rxe1 Rxa2+ 28. Kg1 gxf4 29. Rf1 Rg3+ 30. Kh1 Rxg4 31. b4 Ra3 32. Rf2 Rh3+ 33.
Rh2 Rxh2+ 34. Kxh2 f3 35. b5 f2 36. Kh3 Rg7 37. Kh2 f1=R 38. Kh3 Rh1# 0-1

[Event "IX Weekend A"]
[Site "Vignola ITA"]
[Date "2010.11.14"]
[Round "5"]
[White "Paoli, Walter"]
[Black "Setti, Roberto"]
[Result "0-1"]
[WhiteElo "2043"]
[BlackElo "1901"]
[PlyCount "97"]
[EventDate "2010.11.12"]

1. e4 Nc6 2. d4 d5 3. Nc3 dxe4 4. d5 Nb8 5. Nxe4 Bf5 6. Ng3 Bg6 7. Bf4 Nf6 8.
Bb5+ Nfd7 9. N1e2 c6 10. dxc6 bxc6 11. Ba4 e5 12. Be3 Bb4+ 13. c3 Ba5 14. O-O
O-O 15. f4 Bb6 16. Qc1 Bd3 17. Kh1 Re8 18. Bb3 e4 19. Re1 Nf6 20. h3 Nd5 21.
Bxd5 cxd5 22. Bd4 Nc6 23. Qe3 Rb8 24. b3 Qc7 25. Rac1 Rec8 26. Nf5 Nxd4 27.
cxd4 Qd7 28. Nfg3 Ba5 29. Rxc8+ Rxc8 30. Rc1 g6 31. a3 f5 32. Rxc8+ Qxc8 33.
Qc1 Qxc1+ 34. Nxc1 Bd2 35. Nge2 Be3 36. g3 Kf7 37. Kg2 Bc2 38. Kf1 Ke6 39. Ke1
Kf6 40. g4 fxg4 41. hxg4 h5 42. gxh5 gxh5 43. Kf1 Ke6 44. Kg2 Kf5 45. Kg3 h4+
46. Kxh4 Bxc1 47. Nxc1 Kxf4 48. Ne2+ Kf3 49. Nc3 0-1

[Event "IX Weekend A"]
[Site "Vignola ITA"]
[Date "2010.11.14"]
[Round "5"]
[White "Petrescu, Eduard"]
[Black "Orlandi, Francesco"]
[Result "1-0"]
[WhiteElo "1572"]
[BlackElo "1392"]
[PlyCount "45"]
[EventDate "2010.11.12"]

1. d4 e6 2. e3 d5 3. Nf3 Nd7 4. Nbd2 c5 5. c3 Ngf6 6. Bd3 b6 7. b3 Be7 8. Qc2
h6 9. O-O Qc7 10. h3 Bd6 11. e4 Bb7 12. e5 Bxe5 13. dxe5 Nxe5 14. Nxe5 Qxe5 15.
Nf3 Qd6 16. Rd1 O-O 17. Be3 Rfe8 18. c4 d4 19. Qe2 dxe3 20. Bh7+ Nxh7 21. Rxd6
Rad8 22. Rxd8 Rxd8 23. Qxe3 1-0

[Event "IX Weekend A"]
[Site "Vignola ITA"]
[Date "2010.11.14"]
[Round "5"]
[White "Pinna, Ferdinando"]
[Black "Sfera, Mattia"]
[Result "1/2-1/2"]
[WhiteElo "1887"]
[BlackElo "1990"]
[PlyCount "55"]
[EventDate "2010.11.12"]

1. e4 e6 2. d4 d5 3. Nc3 Bb4 4. e5 c5 5. a3 Bxc3+ 6. bxc3 Qc7 7. Nf3 Nc6 8. a4
Nge7 9. Be2 Bd7 10. Ba3 c4 11. O-O h5 12. h4 Nf5 13. Qd2 O-O-O 14. Rab1 f6 15.
Rfe1 Rdg8 16. Rb5 fxe5 17. dxe5 Nxe5 18. Rc5 Nc6 19. a5 Re8 20. Rb1 Nd6 21. Nd4
Ne4 22. Qe3 Nxc5 23. Nb5 Qxa5 24. Qxc5 Kb8 25. Qd6+ Kc8 26. Qc5 Kb8 27. Qd6+
Kc8 28. Qc5 1/2-1/2

[Event "IX Weekend A"]
[Site "Vignola ITA"]
[Date "2010.11.14"]
[Round "5"]
[White "Rovatti, Guido"]
[Black "Vincenzi, Marco"]
[Result "0-1"]
[WhiteElo "1695"]
[BlackElo "2097"]
[PlyCount "66"]
[EventDate "2010.11.12"]

1. d4 Nf6 2. Bg5 e6 3. e3 c5 4. c3 cxd4 5. exd4 Qb6 6. Qc2 Nc6 7. Nd2 d5 8. Bd3
Bd7 9. Bf4 Be7 10. Ngf3 Rc8 11. h3 Nb4 12. Qb1 Nxd3+ 13. Qxd3 Qxb2 14. Rb1 Qxc3
15. Qxc3 Rxc3 16. O-O Bc6 17. Ne5 O-O 18. Nxc6 bxc6 19. Rb7 Re8 20. Nb3 c5 21.
dxc5 Bxc5 22. Nxc5 Rxc5 23. Rxa7 e5 24. Rc1 Rxc1+ 25. Bxc1 Rc8 26. Bb2 d4 27.
f4 d3 28. Kf1 Rd8 29. Ke1 d2+ 30. Kd1 Ne4 31. Bd4 exd4 32. Re7 f5 33. a4 Rc8
0-1

[Event "IX Weekend A"]
[Site "Vignola ITA"]
[Date "2010.11.14"]
[Round "5"]
[White "Sacchetti, Andrea"]
[Black "Ballista, Massimiliano"]
[Result "1-0"]
[WhiteElo "1742"]
[BlackElo "1613"]
[PlyCount "115"]
[EventDate "2010.11.12"]

1. d4 d5 2. c4 c6 3. e3 Nf6 4. Nc3 e6 5. Nf3 Nbd7 6. Qc2 Bd6 7. Bd3 O-O 8. Bd2
Re8 9. O-O dxc4 10. Bxc4 e5 11. dxe5 Nxe5 12. Nxe5 Bxe5 13. Ne2 Be6 14. Bxe6
Rxe6 15. Bc3 Bxc3 16. Nxc3 Nd5 17. Rad1 Rd6 18. Ne4 Nb4 19. Qb3 Rxd1 20. Rxd1
Qe7 21. Nc3 Na6 22. Rd2 Nc5 23. Qd1 Rb8 24. a3 Ne6 25. Kf1 Rd8 26. Ke2 Kf8 27.
Rxd8+ Qxd8 28. Qd3 Qxd3+ 29. Kxd3 Ke7 30. h4 f5 31. e4 Nc5+ 32. Kd4 Nxe4 33.
Nxe4 fxe4 34. Kxe4 Ke6 35. g4 g6 36. f4 b6 37. b4 a6 38. Kd4 Kd6 39. a4 h6 40.
a5 c5+ 41. bxc5+ bxc5+ 42. Kc4 h5 43. gxh5 gxh5 44. f5 Ke5 45. Kxc5 Kxf5 46.
Kb6 Kg4 47. Kxa6 Kxh4 48. Kb6 Kg3 49. a6 h4 50. a7 h3 51. a8=Q Kf2 52. Qh1 Kg3
53. Kc5 Kg4 54. Kd4 Kg3 55. Ke3 h2 56. Ke4 Kh3 57. Kf4 Kh4 58. Qxh2# 1-0

[Event "IX Weekend A"]
[Site "Vignola ITA"]
[Date "2010.11.14"]
[Round "5"]
[White "Simonini, Mattia"]
[Black "Megli, Massimo"]
[Result "1-0"]
[WhiteElo "1778"]
[BlackElo "1684"]
[PlyCount "127"]
[EventDate "2010.11.12"]

1. d4 Nf6 2. c4 g6 3. Nf3 Bg7 4. Nc3 O-O 5. e4 d6 6. Be2 a5 7. O-O Nbd7 8. h3
c5 9. d5 Nb6 10. a4 e6 11. Be3 exd5 12. cxd5 Re8 13. Nd2 Bd7 14. Qc2 Rc8 15.
Nb5 Nxe4 16. Nxe4 Bf5 17. Nbxd6 Bxe4 18. Nxe4 Nxd5 19. Bg5 Nb4 20. Qc4 Qd4 21.
Qxd4 cxd4 22. Nd6 Rxe2 23. Nxc8 h6 24. Bc1 d3 25. Rd1 Bd4 26. Bd2 Nc2 27. Rab1
Rxf2 28. Bc3 Bc5 29. Kh1 Ne3 30. Rxd3 f5 31. Bd4 Bxd4 32. Rxd4 Nxg2 33. Rd7 Re2
34. Rc1 Nf4 35. Na7 Re8 36. Rxb7 Ne6 37. Nc6 h5 38. Nxa5 g5 39. Nc6 g4 40. Ne7+
Kf7 41. Nxf5+ Kg6 42. hxg4 hxg4 43. Re7 Rh8+ 44. Kg2 Nf4+ 45. Kg3 Nh5+ 46. Kf2
Kxf5 47. a5 Kg5 48. a6 Rf8+ 49. Ke2 Nf4+ 50. Kd2 g3 51. Rg7+ Kh4 52. Rh1+ Nh3
53. Rxg3 Kxg3 54. Rxh3+ Kxh3 55. b4 Rf2+ 56. Kc3 Rf3+ 57. Kc4 Rf4+ 58. Kb5 Rf5+
59. Kb6 Rf6+ 60. Ka5 Rf5+ 61. b5 Kg4 62. a7 Rf1 63. Ka6 Ra1+ 64. Kb7 1-0

[Event "IX Weekend A"]
[Site "Vignola ITA"]
[Date "2010.11.14"]
[Round "5"]
[White "Tazzioli, Luca"]
[Black "Magnavacchi, Andrea"]
[Result "1-0"]
[WhiteElo "1673"]
[BlackElo "1813"]
[PlyCount "63"]
[EventDate "2010.11.12"]

1. e4 e5 2. Nf3 Nc6 3. Bb5 a6 4. Bxc6 dxc6 5. d4 exd4 6. Qxd4 Qxd4 7. Nxd4 Bd6
8. Be3 Nf6 9. f3 Be5 10. c3 Bd7 11. Nd2 Bxd4 12. Bxd4 O-O-O 13. O-O-O b6 14. b3
c5 15. Bxf6 gxf6 16. a4 Rhg8 17. g3 a5 18. c4 f5 19. Rhe1 fxe4 20. Nxe4 Bc6 21.
Rxd8+ Rxd8 22. Rd1 Rxd1+ 23. Kxd1 Bxe4 24. fxe4 Kd7 25. Ke2 Ke6 26. g4 c6 27.
Kf3 Ke5 28. Ke3 h6 29. h3 f6 30. h4 b5 31. cxb5 cxb5 32. axb5 1-0